[Event "C.to Torinese Assoluto Semifinale"]
[Site "Torino ITA"]
[Date "2015.06.01"]
[Round "5"]
[White "Barbato, Mario"]
[Black "Gallucci, Alessio"]
[WhiteElo "1748"]
[BlackElo "2139"]
[Result "0-1"]
[PlyCount "121"]
[EventDate "2015.05.04"]

1. e4 c5 2. d4 cxd4 3. c3 dxc3 4. Nxc3 Nc6 5. Nf3 e6 6. Bc4 a6 7. a3 Nge7 8.
O-O Ng6 9. Qe2 b5 10. Ba2 Be7 11. Nd5 exd5 12. exd5 O-O 13. dxc6 dxc6 14. Qe4
Qc7 15. h4 Bf6 16. Ng5 Qe7 17. Qc2 c5 18. Nxh7 Kxh7 19. h5 Bd4 20. Bd2 Qf6 21.
hxg6+ fxg6 22. Bc3 Bf5 23. Bxd4 cxd4 24. Qc7 g5 25. Qh2+ Kg6 26. Bb1 Bxb1 27.
Raxb1 Rad8 28. Qg3 d3 29. Rfd1 d2 30. b4 Rfe8 31. Qb3 Qf5 32. Qc3 Rd3 33. Qc6+
Re6 34. Qc2 Re2 35. Qc5 Rd5 36. Qb6+ Re6 37. Qc7 Rf6 38. Qa7 Rc6 39. Ra1 Re6
40. Rf1 Kh7 41. Qb8 Red6 42. Rad1 Rd3 43. Qc7 Qe5 44. Qc2 Kh8 45. Qc8+ Kh7 46.
Qc2 Kh6 47. Qa2 R6d5 48. Qc2 R5d4 49. Qc6+ Rd6 50. Qc2 R6d4 51. Qc6+ Kh7 52.
Qc2 Kg8 53. Qc8+ Kf7 54. Qxa6 Rh4 55. Qb7+ Kg6 56. g3 Rhd4 57. Qc6+ Rd6 58. Qc2
Qf5 59. Qc5 R6d5 60. Qc6+ Kh7 61. Qc2 0-1

[Event "C.to Torinese Assoluto Semifinale"]
[Site "Torino ITA"]
[Date "2015.06.01"]
[Round "5"]
[White "Manino, Edoardo"]
[Black "Parisi, Gianmario"]
[WhiteElo "1965"]
[BlackElo "1793"]
[Result "1-0"]
[PlyCount "35"]
[EventDate "2015.05.04"]

1. d4 e6 2. c4 b6 3. Nc3 Bb7 4. e4 Bb4 5. Qc2 Nf6 6. Bd3 d5 7. cxd5 Bxc3+ 8.
bxc3 exd5 9. e5 Ne4 10. Ne2 h6 11. Ba3 Nd7 12. h4 c5 13. f3 c4 14. Bxe4 dxe4
15. fxe4 g5 16. Ng3 Qc7 17. Nf5 O-O-O 18. Bd6 1-0

[Event "C.to Torinese Assoluto Semifinale"]
[Site "Torino ITA"]
[Date "2015.06.08"]
[Round "6"]
[White "Covello, Danilo"]
[Black "Manino, Edoardo"]
[WhiteElo "1988"]
[BlackElo "1965"]
[Result "1-0"]
[PlyCount "95"]
[EventDate "2015.05.04"]

1. c4 e6 2. g3 d5 3. Bg2 Nf6 4. Nf3 Be7 5. O-O O-O 6. b3 d4 7. Bb2 c5 8. b4 Qb6
9. a3 Nbd7 10. Qc2 e5 11. bxc5 Bxc5 12. d3 Qc7 13. Nbd2 Rb8 14. Nb3 b6 15. a4
Bb7 16. a5 Rfd8 17. Bc1 h6 18. Bd2 Ra8 19. Ra2 Nf8 20. Nxc5 Qxc5 21. Rb1 e4 22.
Rb5 Qc8 23. Nh4 Bc6 24. Re5 Ng4 25. Bh3 Qc7 26. Rf5 g6 27. Bxg4 gxf5 28. Nxf5
Ng6 29. h4 Re8 30. h5 Ne5 31. Nxh6+ Kh8 32. Bf4 exd3 33. exd3 bxa5 34. Qd2 Rab8
35. Ra1 f6 36. Bxe5 fxe5 37. Nf5 Qh7 38. Qg5 Rf8 39. Ne7 Rb6 40. Ng6+ Kg8 41.
Be6+ Kg7 42. Nxe5+ Kh8 43. Ng6+ Kg7 44. Nxf8+ Kxf8 45. Qf6+ Ke8 46. Re1 Qe7 47.
Bf7+ Kd8 48. Qxe7+ 1-0

[Event "C.to Torinese Assoluto Semifinale"]
[Site "Torino ITA"]
[Date "2015.06.08"]
[Round "6"]
[White "Raccanello, Marianna"]
[Black "Kazarina, Yulia"]
[WhiteElo "1703"]
[BlackElo "1943"]
[Result "1-0"]
[PlyCount "91"]
[EventDate "2015.05.04"]

1. e4 e6 2. d4 d5 3. Nd2 Nf6 4. e5 Nfd7 5. Bd3 c5 6. c3 Nc6 7. Ne2 Be7 8. Nf3
f6 9. exf6 gxf6 10. Ng3 Nf8 11. Qe2 cxd4 12. cxd4 Nb4 13. Bb5+ Bd7 14. Bxd7+
Qxd7 15. a3 Qa4 16. O-O Nc2 17. Qd1 Rc8 18. Rb1 Qb3 19. Be3 Qb6 20. Qd2 Nxe3
21. Qxe3 Rc2 22. b4 h5 23. Rfc1 Rc6 24. Ne2 Ng6 25. Nc3 Kd7 26. Na4 Qc7 27.
Nc5+ Bxc5 28. b5 Bd6 29. bxc6+ bxc6 30. Re1 Nf8 31. Qd3 Qc8 32. Qb3 Rh7 33. Qa4
Kd8 34. Rbc1 Rc7 35. Qa5 Kd7 36. a4 Ng6 37. g3 h4 38. Qd2 Qg8 39. Kh1 h3 40.
Qh6 Bf4 41. gxf4 Nxf4 42. Rg1 Qg2+ 43. Rxg2 hxg2+ 44. Kg1 Ne2+ 45. Kxg2 Nxc1
46. Qxc1 1-0

[Event "C.to Torinese Assoluto Semifinale"]
[Site "Torino ITA"]
[Date "2015.06.11"]
[Round "7"]
[White "Barbato, Mario"]
[Black "Covello, Danilo"]
[WhiteElo "1748"]
[BlackElo "1988"]
[Result "0-1"]
[PlyCount "154"]
[EventDate "2015.05.04"]

1. e4 c6 2. d4 d5 3. Nc3 dxe4 4. Nxe4 Nd7 5. Nf3 Ngf6 6. Ng3 e6 7. Bd3 Bd6 8.
c4 O-O 9. O-O c5 10. Be3 b6 11. Ne4 Be7 12. dxc5 bxc5 13. Qc2 Bb7 14. Rfd1 Qc7
15. h3 Rfd8 16. Nfd2 h6 17. a3 Rab8 18. Rab1 Ba8 19. Nc3 Ne5 20. Bf1 Qb7 21. f3
Nc6 22. Nde4 Nd4 23. Bxd4 cxd4 24. Nxf6+ Bxf6 25. Ne4 Qb3 26. Nxf6+ gxf6 27.
Qxb3 Rxb3 28. Rd3 Rbb8 29. b4 e5 30. Re1 Re8 31. g4 Kg7 32. f4 Rbd8 33. Red1
Be4 34. R3d2 Bf3 35. Be2 Bxe2 36. Rxe2 e4 37. a4 f5 38. Kf2 fxg4 39. hxg4 f5
40. Kg3 Kg6 41. c5 fxg4 42. Kxg4 h5+ 43. Kg3 Kf5 44. c6 Rg8+ 45. Kf2 Kxf4 46.
c7 Rd7 47. Rc2 Rc8 48. Rc4 e3+ 49. Ke2 Ke4 50. Rd3 Rcxc7 51. Rxe3+ Kd5 52. Rxc7
Rxc7 53. Rh3 Re7+ 54. Kd2 Re5 55. Rh4 Kc4 56. b5 Rg5 57. Rh3 Rg2+ 58. Kd1 Ra2
59. Rxh5 Rxa4 60. Kd2 Ra2+ 61. Kd1 Ra5 62. Rh7 Kxb5 63. Kc2 Ra3 64. Rd7 Kc5 65.
Rd8 a5 66. Rc8+ Kb6 67. Rd8 Ra4 68. Kd3 Kc5 69. Rc8+ Kb4 70. Kxd4 Kb3+ 71. Kd3
Rh4 72. Rb8+ Rb4 73. Rc8 a4 74. Rc3+ Kb2 75. Rc2+ Kb1 76. Kc3 Rb3+ 77. Kd2 Rb2
0-1

[Event "C.to Torinese Assoluto Semifinale"]
[Site "Torino ITA"]
[Date "2015.06.11"]
[Round "7"]
[White "Mina, Marco"]
[Black "Gallucci, Alessio"]
[WhiteElo "2010"]
[BlackElo "2139"]
[Result "1-0"]
[PlyCount "89"]
[EventDate "2015.05.04"]

1. e4 e5 2. Nf3 Nc6 3. d4 exd4 4. Nxd4 Bc5 5. Be3 Qf6 6. c3 Nge7 7. Bc4 Ne5 8.
Be2 d6 9. f4 Qh4+ 10. g3 Qh6 11. Bf2 N5c6 12. Nb5 Bxf2+ 13. Kxf2 Kd8 14. Nd2 a6
15. Nd4 Nxd4 16. cxd4 d5 17. e5 Qb6 18. Nb3 h5 19. a4 h4 20. Qc2 Nf5 21. Qc3
Qh6 22. Rac1 c6 23. a5 Ne7 24. Nc5 Rb8 25. Qb3 g5 26. Nxa6 gxf4 27. Nxb8 Nf5
28. g4 Ng3 29. Qf3 Ne4+ 30. Ke1 h3 31. Rg1 Qf8 32. Qa3 Qh6 33. Qf3 Rg8 34. a6
c5 35. a7 Qb6 36. Qa3 f3 37. Bxf3 Qh6 38. Rc2 Qh4+ 39. Kf1 Rxg4 40. Rxg4 Bxg4
41. Bxe4 Bd1 42. Nc6+ Kd7 43. Bf5+ Kc7 44. Qa5+ b6 45. a8=N+ 1-0

[Event "II Festival San Giovanni A"]
[Site "Torino ITA"]
[Date "2015.06.21"]
[Round "2"]
[White "Finocchiaro, Gianluca"]
[Black "Llupa, Oltjon"]
[WhiteElo "1998"]
[BlackElo "2006"]
[Result "1-0"]
[PlyCount "89"]
[EventDate "2015.06.20"]

1. e4 c5 2. Nf3 d6 3. d4 cxd4 4. c3 dxc3 5. Nxc3 Nc6 6. Bc4 e6 7. O-O Nf6 8.
Qe2 a6 9. a4 Be7 10. Rd1 Qc7 11. Bf4 O-O 12. Rac1 Ne5 13. Ba2 Nxf3+ 14. Qxf3
Qb6 15. h3 e5 16. Be3 Qxb2 17. Nd5 Bd8 18. Bc4 Nxd5 19. Bxd5 Qb4 20. Rc4 Qa3
21. Qh5 Be6 22. Bc1 Qb3 23. Rc8 Rxc8 24. Bxb3 Bxb3 25. Re1 Ba5 26. Bh6 f6 27.
Rb1 Bf7 28. Qg4 Bg6 29. h4 Rc7 30. Be3 f5 31. Qd1 f4 32. Qd5+ Rcf7 33. Ba7 b5
34. axb5 axb5 35. Rxb5 Bd8 36. Bb8 Bxh4 37. Bxd6 Rd8 38. Rb7 Rxd6 39. Rb8+ Rd8
40. Rxd8+ Bxd8 41. Qxd8+ Rf8 42. Qd5+ Kh8 43. Qxe5 Re8 44. Qxf4 Rxe4 45. Qf8#
1-0

[Event "II Festival San Giovanni A"]
[Site "Torino ITA"]
[Date "2015.06.21"]
[Round "2"]
[White "Lattanzio, Savino"]
[Black "Manino, Edoardo"]
[WhiteElo "2112"]
[BlackElo "1965"]
[Result "1-0"]
[PlyCount "115"]
[EventDate "2015.06.20"]

1. Nf3 d5 2. d4 Nf6 3. e3 Bg4 4. c4 c6 5. Qb3 Qc7 6. Ne5 e6 7. Nxg4 Nxg4 8. h3
Nf6 9. Nc3 Nbd7 10. Bd2 Be7 11. Rc1 Qb6 12. Qc2 O-O 13. cxd5 exd5 14. Bd3 Rfe8
15. O-O Nf8 16. Na4 Qc7 17. b4 a6 18. Nc5 Bd6 19. a4 Qe7 20. Rb1 Ne4 21. Nxe4
dxe4 22. Bc4 Qg5 23. f4 Qf5 24. b5 axb5 25. axb5 c5 26. dxc5 Bxc5 27. Kh1 b6
28. Ra1 Ng6 29. Rxa8 Rxa8 30. g4 Qd7 31. Qxe4 Re8 32. Qc6 Qxc6+ 33. bxc6 Rc8
34. Ra1 Ne7 35. Bb5 Kf8 36. Kg2 Nxc6 37. Kf3 Ke7 38. Bc3 g6 39. g5 Kd6 40. Bf6
Kc7 41. Bc4 Re8 42. Re1 Nd8 43. Bxd8+ Rxd8 44. Bxf7 Rd7 45. Bc4 Re7 46. e4 Kc6
47. Bd5+ Kd6 48. Rd1 Ra7 49. Rd3 Ke7 50. f5 Kf8 51. f6 Ra1 52. Be6 Ra3 53. Bb3
Ke8 54. e5 b5 55. e6 b4 56. f7+ Kf8 57. Rd8+ Kg7 58. Rg8# 1-0

[Event "II Festival San Giovanni A"]
[Site "Torino ITA"]
[Date "2015.06.21"]
[Round "3"]
[White "Buffa Sabarino, Pietro"]
[Black "Finocchiaro, Gianluca"]
[WhiteElo "1864"]
[BlackElo "1998"]
[Result "0-1"]
[PlyCount "88"]
[EventDate "2015.06.20"]

1. e4 d6 2. d4 Nf6 3. Nc3 c6 4. f4 Qa5 5. Bd3 e5 6. Nf3 Bg4 7. dxe5 dxe5 8. h3
Bxf3 9. gxf3 Nbd7 10. Bd2 Qc7 11. fxe5 Nxe5 12. Qe2 Nxd3+ 13. cxd3 Qg3+ 14. Qf2
Qxf2+ 15. Kxf2 O-O-O 16. Ke2 Bc5 17. Be3 Bd4 18. Rhg1 g6 19. Rg5 h6 20. Ra5 a6
21. Ra4 Bxe3 22. Kxe3 Rhe8 23. Ne2 Nd5+ 24. Kf2 Nc7 25. Rd4 Ne6 26. Rxd8+ Rxd8
27. Ke3 g5 28. h4 Nf4 29. Nxf4 gxf4+ 30. Ke2 Rg8 31. Kf2 Kd7 32. Rg1 Rxg1 33.
Kxg1 c5 34. Kf2 Kd6 35. Ke2 Ke5 36. Kd2 Kd4 37. Ke2 b5 38. Kd2 c4 39. dxc4 bxc4
40. h5 a5 41. Ke2 c3 42. b3 c2 43. Kd2 c1=Q+ 44. Kxc1 Ke3 0-1

[Event "II Festival San Giovanni A"]
[Site "Torino ITA"]
[Date "2015.06.21"]
[Round "3"]
[White "Mina, Marco"]
[Black "Lattanzio, Savino"]
[WhiteElo "2010"]
[BlackElo "2112"]
[Result "0-1"]
[PlyCount "108"]
[EventDate "2015.06.20"]

1. e4 c6 2. d4 d5 3. exd5 cxd5 4. c4 Nf6 5. Nc3 e6 6. c5 b6 7. b4 Be7 8. Nf3
O-O 9. Bd3 a5 10. Na4 Nfd7 11. a3 axb4 12. axb4 e5 13. dxe5 bxc5 14. bxc5 Nxc5
15. Bc2 Nxa4 16. Qd3 g6 17. Bxa4 Ba6 18. Qd4 Nd7 19. Bc6 Nc5 20. Bxa8 Nd3+ 21.
Kd1 Bc5 22. Qxd5 Nxf2+ 23. Ke1 Nd3+ 24. Kd2 Bb4+ 25. Kc2 Qb6 26. Rxa6 Rc8+ 27.
Kb1 Qxa6 28. Bb7 Qb6 29. Bxc8 Bc3+ 30. Kc2 Nb4+ 31. Kxc3 Nxd5+ 32. Kd3 Nb4+ 33.
Kc4 Nc6 34. Bh3 Qb4+ 35. Kd3 Qb1+ 36. Ke3 Nb4 37. g4 Na2 38. Kd2 Qb3 39. Ke2
Qc4+ 40. Kf2 Nxc1 41. Rxc1 Qxc1 42. Bg2 Qf4 43. g5 Kf8 44. Ke2 Ke7 45. Kf2 Ke6
46. Ke2 Kf5 47. Bh1 Qc1 48. Bg2 Kf4 49. Ne1 Qe3+ 50. Kf1 Kxg5 51. Bd5 Qc1 52.
Ke2 Qb2+ 53. Kd3 Qb1+ 54. Kd2 Qb4+ 0-1

[Event "II Festival San Giovanni A"]
[Site "Torino ITA"]
[Date "2015.06.22"]
[Round "4"]
[White "Llupa, Oltjon"]
[Black "Mina, Marco"]
[WhiteElo "2006"]
[BlackElo "2010"]
[Result "1-0"]
[PlyCount "177"]
[EventDate "2015.06.20"]

1. d4 e6 2. c4 Nf6 3. Nc3 d5 4. Nf3 Bb4 5. Qa4+ Nc6 6. e3 O-O 7. Be2 Bd7 8. Qb3
dxc4 9. Qxc4 Bd6 10. O-O e5 11. d5 Ne7 12. e4 c6 13. dxc6 Bxc6 14. Bg5 Ng6 15.
Rfd1 h6 16. Be3 Qe7 17. Nb5 Bxb5 18. Qxb5 Rfd8 19. Nd2 Nf4 20. Bf3 b6 21. Nb3
Ne6 22. h4 Bc5 23. Nxc5 bxc5 24. Rxd8+ Rxd8 25. Rc1 Qc7 26. b3 Qb6 27. Qc4 Qa5
28. a4 Rc8 29. g3 Nd4 30. Bxd4 exd4 31. e5 Nd7 32. e6 Ne5 33. exf7+ Kf8 34. Qd5
Nxf3+ 35. Qxf3 Qc7 36. Qf5 Qc6 37. h5 Rc7 38. a5 a6 39. Rc4 Qd6 40. Rc1 d3 41.
Qe4 Re7 42. Qa8+ Kxf7 43. Qf3+ Kg8 44. Rd1 d2 45. Qc3 Rd7 46. Qc4+ Kh8 47. Qc3
Qd4 48. Qxd4 Rxd4 49. Kf1 Rd3 50. Ke2 Rxb3 51. Rxd2 Ra3 52. Rd6 Rxa5 53. Rc6
Kg8 54. Rc7 Ra2+ 55. Ke3 a5 56. Rxc5 Kf7 57. Rc6 a4 58. Ra6 a3 59. f3 Ra1 60.
Kf4 a2 61. g4 Ke7 62. Kf5 Rf1 63. Rxa2 Rxf3+ 64. Kg6 Rf4 65. Ra7+ Kf8 66. Ra8+
Ke7 67. Kxg7 Rxg4+ 68. Kxh6 Kf7 69. Ra7+ Kg8 70. Ra6 Rg3 71. Ra8+ Kf7 72. Rb8
Rg2 73. Kh7 Rg7+ 74. Kh8 Rg5 75. h6 Rh5 76. Kh7 Rg5 77. Rb2 Rg4 78. Rb7+ Kf8
79. Rg7 Rh4 80. Rg6 Kf7 81. Rb6 Rh1 82. Rb2 Rh3 83. Rf2+ Ke8 84. Rf6 Ke7 85.
Kg7 Rh2 86. Rg6 Rf2 87. h7 Rf7+ 88. Kh6 Rf8 89. Rg8 1-0

[Event "II Festival San Giovanni A"]
[Site "Torino ITA"]
[Date "2015.06.22"]
[Round "4"]
[White "Risso, Alessandro"]
[Black "Nastro, Federico"]
[WhiteElo "1762"]
[BlackElo "1941"]
[Result "0-1"]
[PlyCount "64"]
[EventDate "2015.06.20"]

1. e4 c6 2. d4 d5 3. Nc3 g6 4. Nf3 Bg4 5. Be3 dxe4 6. Nxe4 Bg7 7. c3 Nd7 8. Bc4
Bxf3 9. Qxf3 Ngf6 10. O-O-O O-O 11. g4 Nxe4 12. Qxe4 e6 13. h4 b5 14. Bd3 b4
15. cxb4 a5 16. Bd2 axb4 17. Bxb4 Nf6 18. Qe2 Re8 19. a3 Nd5 20. Bc5 e5 21.
dxe5 Bxe5 22. Qc2 Rb8 23. b4 Qf6 24. g5 Qg7 25. Rde1 Bf4+ 26. Be3 Qa1+ 27. Kd2
Qxa3 28. Bxf4 Qxb4+ 29. Kd1 Nxf4 30. Rxe8+ Rxe8 31. Qd2 Qxd2+ 32. Kxd2 Rd8 0-1

[Event "II Festival San Giovanni A"]
[Site "Torino ITA"]
[Date "2015.06.23"]
[Round "5"]
[White "Lattanzio, Savino"]
[Black "Llupa, Oltjon"]
[WhiteElo "2112"]
[BlackElo "2006"]
[Result "1-0"]
[PlyCount "59"]
[EventDate "2015.06.20"]

1. d4 d5 2. e3 Nf6 3. Bd3 c6 4. Nd2 e6 5. f4 c5 6. c3 b6 7. Nh3 Be7 8. O-O a5
9. Qf3 Ba6 10. Nf2 Qc8 11. Kh1 Nc6 12. dxc5 Bxc5 13. b3 Ne7 14. Bb2 a4 15. Bxa6
Rxa6 16. c4 Bb4 17. Bxf6 gxf6 18. Qe2 Bxd2 19. Qxd2 dxc4 20. Ne4 Nf5 21. Qb4
Qc6 22. Nxf6+ Kd8 23. e4 Nd6 24. e5 Nf5 25. Rac1 Qc5 26. Qd2+ Ke7 27. Qd7+ Kf8
28. Qd8+ Kg7 29. Nh5+ Kg6 30. Qg5# 1-0

[Event "II Festival San Giovanni A"]
[Site "Torino ITA"]
[Date "2015.06.24"]
[Round "6"]
[White "Buffa Sabarino, Pietro"]
[Black "Lattanzio, Savino"]
[WhiteElo "1864"]
[BlackElo "2112"]
[Result "1/2-1/2"]
[PlyCount "40"]
[EventDate "2015.06.20"]

1. c4 e6 2. e3 d5 3. cxd5 exd5 4. Nc3 Nf6 5. d4 c6 6. g3 Bf5 7. Bg2 Bb4 8. Nge2
O-O 9. O-O Re8 10. Na4 Nbd7 11. a3 Bf8 12. b4 Ne4 13. Bd2 Nd6 14. Nc5 Nb6 15.
Nc3 Nbc4 16. a4 b6 17. Nb3 Nb2 18. Qf3 Bc2 19. Nc1 Ndc4 20. Qe2 Bxb4 1/2-1/2

[Event "II Festival San Giovanni B"]
[Site "Torino ITA"]
[Date "2015.06.23"]
[Round "5"]
[White "Gallo, Ivan"]
[Black "Berutti, Mario"]
[WhiteElo "1777"]
[BlackElo "1794"]
[Result "1/2-1/2"]
[PlyCount "67"]
[EventDate "2015.06.20"]

1. e4 e5 2. Nf3 Nf6 3. Nxe5 d6 4. Nf3 Nxe4 5. Nc3 Nxc3 6. dxc3 d5 7. Bd3 Bd6 8.
Bg5 f6 9. Be3 Bg4 10. h3 Bh5 11. g4 Bf7 12. Qd2 c5 13. O-O-O Qa5 14. a3 Nc6 15.
Rhe1 O-O-O 16. Bf4 g6 17. Bxd6 Rxd6 18. Qf4 Rhd8 19. g5 f5 20. Ne5 Qc7 21. Nxc6
bxc6 22. Ba6+ Kb8 23. Qa4 c4 24. Kb1 c5 25. Re2 Be6 26. Rde1 Qb6 27. Bb5 Ka8
28. Rxe6 Rxe6 29. Rxe6 Qxe6 30. Bc6+ Kb8 31. Qb5+ Kc7 32. Qa5+ Kc8 33. Qa6+ Kc7
34. Qa5+ 1/2-1/2

[Event "II Festival San Giovanni B"]
[Site "Torino ITA"]
[Date "2015.06.24"]
[Round "6"]
[White "Berutti, Mario"]
[Black "Tripodi, Enzo"]
[WhiteElo "1794"]
[BlackElo "1503"]
[Result "0-1"]
[PlyCount "90"]
[EventDate "2015.06.20"]

1. e4 e5 2. Nf3 Nc6 3. Bc4 Bc5 4. c3 Nf6 5. d4 exd4 6. cxd4 Bb4+ 7. Nc3 Nxe4 8.
O-O Bxc3 9. d5 Ne5 10. bxc3 Nxc4 11. Qd4 Ncd6 12. Re1 O-O 13. Rxe4 Nxe4 14.
Qxe4 Re8 15. Qg4 d6 16. Qh5 Qf6 17. Bg5 Qg6 18. Qh4 h6 19. Be3 Qg4 20. Rb1 Qxh4
21. Nxh4 Re5 22. c4 Re4 23. Nf3 Rxc4 24. h3 b6 25. g4 Bb7 26. Rd1 Ra4 27. Rd2
Ra5 28. Rc2 Bxd5 29. Nh4 c5 30. Rd2 Bxa2 31. Rxd6 Be6 32. f4 Ra3 33. Kf2 Re8
34. f5 Bd5 35. Bxh6 gxh6 36. Rxd5 c4 37. Rd7 c3 38. Rc7 Ra2+ 39. Kg3 c2 40. Nf3
b5 41. Nd4 b4 42. Nxc2 b3 43. Nd4 b2 44. Rb7 Re1 45. Rb8+ Kg7 0-1

[Event "I Open Salinello A"]
[Site "Tortoreto ITA"]
[Date "2015.05.26"]
[Round "1"]
[White "Bar, Aviv"]
[Black "Raznikov, Danny"]
[WhiteElo "2110"]
[BlackElo "2484"]
[Result "1/2-1/2"]
[PlyCount "120"]
[EventDate "2015.05.26"]

1. d4 Nf6 2. c4 e6 3. Nf3 Bb4+ 4. Nbd2 O-O 5. a3 Be7 6. e4 d5 7. e5 Nfd7 8. Bd3
c5 9. Qc2 h6 10. O-O Nc6 11. Re1 a5 12. Nb3 a4 13. Nxc5 Nxd4 14. Nxd4 Nxc5 15.
Bf1 dxc4 16. Qxc4 Bd7 17. Qc3 Rc8 18. Qg3 Kh7 19. Bd2 Qb6 20. Bb4 Rfd8 21. Rad1
Be8 22. Bd3+ Kg8 23. Bb1 Rd7 24. Qc3 Qd8 25. Qc2 g6 26. Bc3 Qb6 27. Qe2 Rcd8
28. h3 Rd5 29. Ba2 Nb3 30. Nxb3 axb3 31. Bb1 Bb5 32. Qf3 Rxd1 33. Rxd1 Bc6 34.
Rxd8+ Qxd8 35. Qd3 Bd5 36. Qe3 Bg5 37. Qd4 h5 38. Bd3 Be7 39. Be2 Qc7 40. Qd2
Qc6 41. Bf1 Kg7 42. Qe3 Bc5 43. Qf4 Be7 44. Qe3 Qa4 45. Qd4 Qxd4 46. Bxd4 f6
47. f4 g5 48. fxg5 fxg5 49. g4 Kf7 50. Kf2 hxg4 51. hxg4 Bd8 52. Bb5 Be7 53.
Be2 Ke8 54. Bb5+ Kd8 55. Bb6+ Kc8 56. Ke3 Bxa3 57. bxa3 b2 58. Bd3 Ba2 59. Bd4
b1=Q 60. Bxb1 Bxb1 1/2-1/2

[Event "I Open Salinello A"]
[Site "Tortoreto ITA"]
[Date "2015.05.26"]
[Round "1"]
[White "Bifulco, Michel"]
[Black "Strikovic, Aleksa"]
[WhiteElo "2159"]
[BlackElo "2526"]
[Result "0-1"]
[PlyCount "86"]
[EventDate "2015.05.26"]

1. e4 d6 2. d4 Nf6 3. Nc3 e5 4. dxe5 dxe5 5. Qxd8+ Kxd8 6. Nf3 Bd6 7. Bg5 c6 8.
Nh4 Ke7 9. O-O-O Bc5 10. Bxf6+ Kxf6 11. Rd2 g6 12. Nf3 Nd7 13. Nd1 Ke7 14. Bd3
f6 15. h4 h5 16. Ne3 a5 17. Kd1 Bxe3 18. fxe3 Nc5 19. Ke2 Bg4 20. Kf2 Rhd8 21.
Ke1 Rd6 22. Nh2 Be6 23. Ke2 Bxa2 24. Ra1 Be6 25. b4 Nxd3 26. cxd3 a4 27. Ra3
Bb3 28. Nf3 Ra6 29. d4 Rb6 30. dxe5 fxe5 31. Nxe5 Rxb4 32. Rxd6 Kxd6 33. Nxg6
Rxe4 34. Nf4 b5 35. Nxh5 b4 36. Ra1 Rxh4 37. Ng3 Ke5 38. Rc1 Bc4+ 39. Kd2 Rg4
40. e4 Bb5 41. Nf5 Rxg2+ 42. Ke3 b3 43. Rc5+ Kf6 0-1

[Event "I Open Salinello A"]
[Site "Tortoreto ITA"]
[Date "2015.05.26"]
[Round "1"]
[White "Boruchovsky, Avital"]
[Black "Bernardi, Ruben"]
[WhiteElo "2517"]
[BlackElo "2143"]
[Result "1-0"]
[PlyCount "67"]
[EventDate "2015.05.26"]

1. e4 e6 2. d4 d5 3. Nd2 Nf6 4. e5 Nfd7 5. c3 c5 6. Bd3 Nc6 7. Ndf3 cxd4 8.
cxd4 f6 9. exf6 Nxf6 10. Ne2 Bd6 11. O-O O-O 12. Bf4 Nh5 13. Bxd6 Qxd6 14. Re1
Bd7 15. Rc1 g6 16. Qd2 a6 17. Qh6 Rxf3 18. gxf3 Qf8 19. Qe3 Qf6 20. f4 Rf8 21.
f5 exf5 22. Kh1 Kh8 23. Qf3 Qd6 24. a3 Nf6 25. Qf4 Qxf4 26. Nxf4 Nxd4 27. Rc7
Bc6 28. Ree7 Re8 29. Rf7 Ne6 30. Nxe6 Rxe6 31. Rf8+ Ng8 32. f3 g5 33. Bxf5 Rf6
34. Rxh7# 1-0

[Event "I Open Salinello A"]
[Site "Tortoreto ITA"]
[Date "2015.05.26"]
[Round "1"]
[White "Greenfeld, Alon"]
[Black "Parrini, Daniele"]
[WhiteElo "2544"]
[BlackElo "2180"]
[Result "1-0"]
[PlyCount "55"]
[EventDate "2015.05.26"]

1. d4 Nf6 2. Nf3 g6 3. c4 Bg7 4. g3 d5 5. cxd5 Nxd5 6. Bg2 Nb6 7. Nc3 Nc6 8. e3
O-O 9. O-O Re8 10. h3 e5 11. d5 Na5 12. e4 c6 13. Re1 cxd5 14. exd5 Nac4 15. a4
a5 16. b3 Nd6 17. Ba3 Nf5 18. Rc1 Bd7 19. Ne4 Rc8 20. Nc5 Qe7 21. g4 Nh4 22. d6
Qf6 23. Nxh4 Qxh4 24. Nxd7 Nxd7 25. Rc7 Qd8 26. Qd5 Rxc7 27. dxc7 Qxc7 28. Rc1
1-0

[Event "I Open Salinello A"]
[Site "Tortoreto ITA"]
[Date "2015.05.26"]
[Round "1"]
[White "Korneev, Oleg"]
[Black "Damia, Angelo"]
[WhiteElo "2572"]
[BlackElo "2194"]
[Result "1/2-1/2"]
[PlyCount "110"]
[EventDate "2015.05.26"]

1. e4 Nf6 2. e5 Nd5 3. d4 d6 4. Nf3 dxe5 5. Nxe5 c6 6. h3 Nd7 7. Nf3 g6 8. c4
Nc7 9. Bd3 Bg7 10. O-O O-O 11. Re1 Ne6 12. Bf1 Nb6 13. Be3 c5 14. d5 Bxb2 15.
Nbd2 Nd4 16. Rb1 Bc3 17. Bh6 Bf5 18. Rc1 Bb2 19. g4 Bd7 20. Rb1 Ba4 21. Nb3
Bxb3 22. axb3 Nxf3+ 23. Qxf3 Bg7 24. Bxg7 Kxg7 25. Qe3 Nd7 26. Qxe7 Re8 27.
Qxd8 Raxd8 28. f4 Kf8 29. g5 Rxe1 30. Rxe1 Re8 31. Ra1 a6 32. Kf2 Ke7 33. Re1+
Kd8 34. Rd1 Re4 35. Kf3 f5 36. Bd3 Rd4 37. Ke3 Kc7 38. h4 b5 39. Ra1 bxc4 40.
bxc4 Nb6 41. h5 gxh5 42. Rh1 Nxc4+ 43. Bxc4 Rxc4 44. Rxh5 Re4+ 45. Kf3 c4 46.
Rxh7+ Kd6 47. Rf7 c3 48. Rf6+ Kxd5 49. Rxf5+ Kd4 50. Rf8 Re3+ 51. Kf2 c2 52.
Rd8+ Ke4 53. Rc8 Kxf4 54. Rxc2 Rf3+ 55. Ke2 Rg3 1/2-1/2

[Event "I Open Salinello A"]
[Site "Tortoreto ITA"]
[Date "2015.05.26"]
[Round "1"]
[White "Martinez, Ayelen"]
[Black "Dvirnyy, Danyyil"]
[WhiteElo "2177"]
[BlackElo "2540"]
[Result "0-1"]
[PlyCount "62"]
[EventDate "2015.05.26"]

1. e4 d6 2. d4 Nf6 3. Nc3 e5 4. Nf3 Nbd7 5. Bc4 Be7 6. O-O O-O 7. Re1 a6 8. a4
b6 9. Bg5 c6 10. Qd2 Qc7 11. Nh4 exd4 12. Nf5 Ne5 13. Nxe7+ Qxe7 14. Qxd4 h6
15. Bxf6 Qxf6 16. Ne2 Bg4 17. Qc3 Nxc4 18. Qxc4 Qxb2 19. Rab1 Bxe2 20. Qxe2 Qd4
21. Red1 Qc5 22. Rb3 b5 23. a5 Rfe8 24. Rg3 Re6 25. c3 Rae8 26. Qg4 g6 27. h3
Rxe4 28. Qd7 d5 29. Rd2 h5 30. Qf5 Qd6 31. Qxh5 Qxg3 0-1

[Event "I Open Salinello A"]
[Site "Tortoreto ITA"]
[Date "2015.05.26"]
[Round "1"]
[White "Movileanu, Daniela"]
[Black "Maiorov, Nikita"]
[WhiteElo "2181"]
[BlackElo "2563"]
[Result "0-1"]
[PlyCount "66"]
[EventDate "2015.05.26"]

1. e4 e5 2. Nf3 Nc6 3. Bb5 a6 4. Ba4 Nf6 5. O-O Be7 6. Re1 b5 7. Bb3 d6 8. c3
O-O 9. h3 Nb8 10. d4 Nbd7 11. Nbd2 Bb7 12. Bc2 Re8 13. Nf1 Bf8 14. d5 g6 15.
Bg5 Bg7 16. Qd2 Qe7 17. a4 Qf8 18. axb5 axb5 19. Qe2 c6 20. N1d2 cxd5 21. Qxb5
Reb8 22. Qe2 Nc5 23. Bxf6 Bxf6 24. exd5 Ba6 25. Nc4 Bxc4 26. Qxc4 Rxb2 27. Ba4
e4 28. Nd4 Qh6 29. Re2 Rxa4 30. Rxa4 Qc1+ 31. Kh2 Be5+ 32. g3 Rb1 33. Ra8+ Kg7
0-1

[Event "I Open Salinello A"]
[Site "Tortoreto ITA"]
[Date "2015.05.26"]
[Round "1"]
[White "Pap, Misa"]
[Black "Gueci, Tea"]
[WhiteElo "2488"]
[BlackElo "2130"]
[Result "1-0"]
[PlyCount "185"]
[EventDate "2015.05.26"]

1. e4 g6 2. d4 Bg7 3. Nf3 d6 4. Bc4 Nf6 5. Qe2 O-O 6. e5 dxe5 7. dxe5 Nd5 8.
O-O c6 9. h3 Qc7 10. Bb3 Be6 11. c4 Nb6 12. Bf4 N8d7 13. Nbd2 a5 14. Bc2 Nc5
15. b3 Rfd8 16. Qe3 Nbd7 17. Rfe1 b5 18. Rad1 a4 19. b4 Na6 20. a3 Qb6 21. c5
Qb7 22. Ng5 Nc7 23. Qg3 Nf8 24. Nxe6 Nfxe6 25. Ne4 Nxf4 26. Qxf4 Ne6 27. Qg3
Qc7 28. Nc3 Rxd1 29. Bxd1 Rd8 30. Bg4 Nd4 31. f4 Nc2 32. Rc1 Nxa3 33. Nxa4 Nc4
34. Nc3 Rd2 35. Ne4 Rd4 36. Bf3 Nd2 37. Nxd2 Rxd2 38. Ra1 Bh6 39. Ra8+ Kg7 40.
f5 Qd7 41. f6+ exf6 42. exf6+ Kxf6 43. Kh1 Qd4 44. Qe1 Qxb4 45. Ra6 Qd4 46.
Rxc6+ Kg7 47. Rd6 Qc3 48. c6 Rc2 49. Qxc3+ Rxc3 50. Rd7 Bf4 51. Kg1 Bg3 52. Kf1
b4 53. Ke2 b3 54. Rb7 Be5 55. Bd5 b2 56. Rxf7+ Kh6 57. Rb7 Kg5 58. Rb4 Kf6 59.
Be4 Ke6 60. Rb7 Kd6 61. Rxh7 Rxc6 62. Rb7 Rc1 63. Bxg6 Ke6 64. Be4 Bd4 65. Rb5
Rh1 66. Kf3 Rc1 67. h4 Bf6 68. h5 Rc3+ 69. Ke2 Rg3 70. h6 Bd4 71. Bf5+ Kd6 72.
Kf1 Rg5 73. g4 Rg8 74. Ke2 Kc6 75. Rb3 Kd6 76. Kd3 Bf6 77. h7 Re8 78. Kc4 Rf8
79. Rb6+ Ke5 80. Re6+ Kf4 81. Rxf6 Rxf6 82. h8=Q Rxf5 83. Qxb2 Kxg4 84. Qg2+
Kf4 85. Kd4 Rg5 86. Qf2+ Kg4 87. Ke4 Kh3 88. Qf3+ Kh4 89. Qh1+ Kg3 90. Qh6 Kg4
91. Qh2 Rh5 92. Qg2+ Kh4 93. Kf4 1-0